=LDR 00000nam 2200000 4500 =001 INLIS000000000026466 =005 20130612124915 =008 ***********************************Ind** =035 ##$$0010-061300000026466 =041 ##$$a Ind =082 ##$$a 393.095 984 3 =090 ##$$a 393.095 984 3, Pro u =245 ##$$a Upacara tradisional (upacara kematian) daerah Kalimantan Tengah =260 ##$$a 1984 $b Jakarta =300 ##$$a 149 hlm, ilus, 21 cm =650 ##$$a Kematian-Kebiasaan dan upacara Kalimantan Timur =850 ##$$a NBPNMAT